00426nam a22001577a 450000500170000000800410001702000180005804100080007608200160008410000190010024500350011925000080015426000390016230000190020165000480022020250327112016.0250327b |||||||| |||| 00| 0 eng d a9780000991805 aeng a332.015 LIM aLim, Kian Guan aProbability and Finance Theory a2nd aNew JerseybWorld Scientificc2024 a515;. P. 23 cm aFinance; Mathematical Models; Probabilities